| 000 -LEADER | |
|---|---|
| fixed length control field | 00350nam a22001577a 4500 |
| 005 - DATE AND TIME OF LATEST TRANSACTION | |
| control field | 20190330112915.0 |
| 008 - FIXED-LENGTH DATA ELEMENTS--GENERAL INFORMATION | |
| fixed length control field | 190330b xxu||||| |||| 00| 0 eng d |
| 020 ## - INTERNATIONAL STANDARD BOOK NUMBER | |
| ISBN | 9788120309869 |
| 041 ## - LANGUAGE CODE | |
| Language code of text/sound track or separate title | eng |
| 082 ## - DEWEY DECIMAL CLASSIFICATION NUMBER | |
| Classification number | 621.3815 |
| 245 ## - TITLE STATEMENT | |
| Title | Basic VLSI Design |
| 250 ## - EDITION STATEMENT | |
| Edition statement | 3 rd |
| 260 ## - PUBLICATION, DISTRIBUTION, ETC. (IMPRINT) | |
| Place of publication | New Delhi |
| Name of publisher | PHI Learning |
| Year of publication | 2015 |
| 300 ## - PHYSICAL DESCRIPTION | |
| Number of Pages | 457 |
| 942 ## - ADDED ENTRY ELEMENTS (KOHA) | |
| Koha item type | Books |
| Lost status | Damaged status | Collection code | Home library | Current library | Shelving location | Date acquired | Source of acquisition | Cost, normal purchase price | Full call number | Accession Number | Koha item type |
|---|---|---|---|---|---|---|---|---|---|---|---|
| CS/IT | JRU Library | JRU Library | SHELF-50-G | 30/03/2019 | PURCHASE | 375.00 | 621.3815 | 23049 | Books | ||
| CS/IT | JRU Library | JRU Library | SHELF-54-B | 30/03/2019 | Purchase | 375.00 | 621.3815 | 23050 | Books | ||
| Reference | JRU Library | SHELF-29-D | 30/03/2019 | Purchase | 375.00 | 621.3815 | 23051 | Books | |||
| CS/IT | JRU Library | JRU Library | SHELF-50-G | 30/03/2019 | PURCHASE | 375.00 | 621.3815 | 23052 | Books | ||
| CS/IT | JRU Library | JRU Library | SHELF-50-G | 30/03/2019 | PURCHASE | 375.00 | 621.3815 | 23053 | Books | ||
| CS/IT | JRU Library | JRU Library | SHELF-50-G | 30/03/2019 | PURCHASE | 375.00 | 621.3815 | 23054 | Books | ||
| CS/IT | JRU Library | JRU Library | SHELF-50-G | 30/03/2019 | PURCHASE | 375.00 | 621.3815 | 23055 | Books | ||
| CS/IT | JRU Library | JRU Library | SHELF-50-G | 30/03/2019 | PURCHASE | 375.00 | 621.3815 | 23056 | Books |